<?xml version="1.0" encoding="UTF-8"?><?xml-stylesheet type="text/xsl" href="static/style.xsl"?><OAI-PMH xmlns="http://www.openarchives.org/OAI/2.0/" xmlns:xsi="http://www.w3.org/2001/XMLSchema-instance" xsi:schemaLocation="http://www.openarchives.org/OAI/2.0/ http://www.openarchives.org/OAI/2.0/OAI-PMH.xsd"><responseDate>2026-04-18T06:11:50Z</responseDate><request verb="GetRecord" identifier="oai:www.recercat.cat:2072/387139" metadataPrefix="marc">https://recercat.cat/oai/request</request><GetRecord><record><header><identifier>oai:recercat.cat:2072/387139</identifier><datestamp>2026-03-30T23:49:45Z</datestamp><setSpec>com_2072_98</setSpec><setSpec>col_2072_378192</setSpec></header><metadata><record xmlns="http://www.loc.gov/MARC21/slim" xmlns:dcterms="http://purl.org/dc/terms/" xmlns:xsi="http://www.w3.org/2001/XMLSchema-instance" xmlns:doc="http://www.lyncode.com/xoai" xsi:schemaLocation="http://www.loc.gov/MARC21/slim http://www.loc.gov/standards/marcxml/schema/MARC21slim.xsd">
   <leader>00925njm 22002777a 4500</leader>
   <datafield ind2=" " ind1=" " tag="042">
      <subfield code="a">dc</subfield>
   </datafield>
   <datafield ind2=" " ind1=" " tag="720">
      <subfield code="a">Palos, Joan Lluís</subfield>
      <subfield code="e">author</subfield>
   </datafield>
   <datafield ind2=" " ind1=" " tag="260">
      <subfield code="c">1995</subfield>
   </datafield>
   <datafield ind2=" " ind1=" " tag="520">
      <subfield code="a">El autor reflexiona sobre los mecanismos de presencia efectiva de la monarquía en Cataluña. Propone las relaciones entre el Principado y el gobierno central a través del análisis de las relaciones personales y las redes clientelares. De esta manera, supera ideas establecidas y replantea el concepto de Estado, desvirtuando las instituciones y otorgando gran importancia a los individiduos.</subfield>
   </datafield>
   <datafield ind2=" " ind1=" " tag="520">
      <subfield code="a">The author reflects on the mechanisms of the monarchy's erective presence in Catalonia. He proposes to analyze the relationship between Catalonia and central government through the analysis of acquaintances and clientele network. This way, counteracting the power of institutions and giving great importance to individual, Palos Peñarroya surpasses some stablished deas and reopens the concept of State.</subfield>
   </datafield>
   <datafield ind2="0" ind1="0" tag="245">
      <subfield code="a">¿El Estado contra Cataluña? : Estrategias de control y limitaciones del poder real en los siglos XVI-XVII</subfield>
   </datafield>
</record></metadata></record></GetRecord></OAI-PMH>